| 000 | 00374nam a2200145Ia 4500 | ||
|---|---|---|---|
| 008 | 150201s2000 xx 000 0 und d | ||
| 082 |
_a618.92 _bR00G |
||
| 100 | _aGUPTE, S. | ||
| 245 | _aRECENT ADVANCES IN GASTROENTERALOGY, HEPATALOGY AND NUTRITION | ||
| 250 | _a1ST | ||
| 260 |
_bJAYPEE BROTHERS _aDELHI _c2000 |
||
| 300 | _a1-586 | ||
| 650 | _aPAEDIATRICS | ||
| 942 |
_2ddc _cBK |
||
| 999 |
_c69 _d69 |
||